Doing business in Italy 2013.
| Format: | Book |
|---|---|
| Published: |
Washington D.C:
The World Bank,
2013.
|
| Subjects: |
| LEADER | 00414cam a2200145 7i4500 | ||
|---|---|---|---|
| 001 | 0000029565 | ||
| 005 | 20130503090000.0 | ||
| 090 | 0 | 0 | |a ITAL 338.7 |b DOI |
| 245 | 0 | 0 | |a Doing business in Italy 2013. |
| 260 | 0 | 0 | |a Washington D.C: |b The World Bank, |c 2013. |
| 300 | # | # | |a 104 p. |
| 650 | 0 | 0 | |a Business -- |z Italy |
| 650 | 0 | 0 | |a Doing business -- |z Italy |
| 651 | 0 | 0 | |a Italy |
| 999 | |a 0000032524 |b Book |c Countries |e Business Information Centre | ||